|
|
|
|
| LEADER |
01312nam a2200301 a 4500 |
| 001 |
17448403 |
| 008 |
130312s2013 dcu b 001 0 eng d |
| 010 |
|
|
|a 2012034769
|
| 020 |
|
|
|a 9780821382561
|
| 020 |
|
|
|a 9780821389904 (electronic)
|
| 040 |
|
|
|a DLC
|c DLC
|d BD-DhAAL
|
| 082 |
0 |
0 |
|a 338.9
|2 23
|
| 100 |
1 |
|
|a Mansuri, Ghazala.
|
| 245 |
1 |
0 |
|a Localizing development :
|b does participation work? /
|c by Ghazala Mansuri and Vijayendra Rao.
|
| 260 |
|
|
|a Washington, D.C. :
|b World Bank,
|c 2013.
|
| 300 |
|
|
|a xvii, 324 p. :
|b ill. ;
|c 24 cm.
|
| 504 |
|
|
|a Includes bibliographical references and index.
|
| 541 |
1 |
|
|e 00026581
|
| 650 |
|
0 |
|a Economic development
|x Citizen participation.
|
| 650 |
|
0 |
|a Economic development projects
|x Citizen participation.
|
| 650 |
|
0 |
|a Community development.
|
| 650 |
|
0 |
|a Decentralization in government.
|
| 700 |
1 |
|
|a Rao, Vijayendra.
|
| 710 |
2 |
|
|a World Bank.
|
| 852 |
1 |
|
|a Ayesha Abed Library
|j General Shelf.
|
| 999 |
|
|
|c 13230
|d 13230
|
| 952 |
|
|
|0 0
|1 0
|2 ddc
|4 0
|6 338_900000000000000_MAN
|7 0
|9 22024
|a IGS
|b IGS
|c GEN
|d 2013-03-12
|e Karim International
|g 2984.00
|l 0
|o 338.9 MAN
|p 3010026581
|r 2013-03-12
|t 1
|w 2013-03-12
|y BK
|
| 952 |
|
|
|0 0
|1 0
|2 ddc
|4 0
|6 338_900000000000000_MAN
|7 0
|9 22025
|a IGS
|b IGS
|c GEN
|d 2013-03-12
|e Karim International
|g 2984.00
|l 0
|o 338.9 MAN
|p 3010026582
|r 2013-03-12
|t 2
|w 2013-03-12
|y BK
|